| 000 | 00847nam a22002657a 4500 | ||
|---|---|---|---|
| 001 | FRBNF446508020000004 | ||
| 003 | OSt | ||
| 005 | 20230505102008.0 | ||
| 008 | 230505b |||||||| |||| 00| 0 eng d | ||
| 020 | _a9780750659918 (pbk) | ||
| 035 | _aOCoLC904533854 | ||
| 040 |
_aKMU _cKMU _dKMU _erda |
||
| 050 | _aQA 76.73.J38 Hah 2002 | ||
| 100 | _aHahn,Brian D. | ||
| 245 |
_aEssential Java for scientists and engineers _b/ _cBrian D. Hahn and Katherine M.Malan |
||
| 260 |
_aOxford, _bButterworth-Heinemann: _c2002. |
||
| 300 |
_axvi,338 pages.: _bill.; _c23 cm |
||
| 500 | _aIncludes an index | ||
| 650 |
_2oclc _aJava (Computer program language) |
||
| 650 |
_2oclc _aScience--Data processing |
||
| 650 |
_2oclc _aEngineering--Data processing |
||
| 700 |
_aMalan,Katherine M. _bBrian D. _f1946-2005 _4070 |
||
| 930 | _dN | ||
| 942 |
_2lcc _cBK _n0 |
||
| 999 |
_c316 _d316 |
||